| 000 | 004630000a22001690004500 | ||
|---|---|---|---|
| 003 | MACL | ||
| 005 | 20160113155040.0 | ||
| 008 | 160113b xxu||||| |||| 00| 0 eng d | ||
| 040 |
_aMACL _cMACL |
||
| 041 | _aEnglish | ||
| 082 | _a940/MIL | ||
| 100 |
_aMiller, George _931675 |
||
| 245 |
_aHistory _bPhilosophically Illustrated from the Roman Empire to The French Revolution |
||
| 260 |
_bH.G. Bohn _c1853 |
||
| 650 |
_aHistory _931912 |
||
| 942 |
_cBK _k940/MIL _2ddc |
||
| 999 |
_c37756 _d37756 |
||